000 00566nam a2200145 i 4500
001 74000
003 ES-MaACL
005 20230906172002.0
007 t|
008 040914s1902 sp ||||1| spa d
100 1 _aGonzález Calzada, Manuel.
_958484
245 1 3 _aLa ciencia química guarda el secreto de la vida y es el fundamento de la Psicología y de la Patología
_b: discurso inaugural de la Universidad de Salamnca leído el 1 de octubre de 1903 /
_cManuel González Calzada.
260 _aMadrid :
_b[s.n.],
_c1902 (
_fColón)
852 _aES-MaACL
_jT-1021-F-4
999 _c74000
_d74000